[Event "PRO League Prelim"]
[Site "chess.com INT"]
[Date "2023.03.17"]
[Round "5.1"]
[White "Rodrigue-Lemieux, Shawn"]
[Black "Vachier Lagrave, M."]
[Result "0-1"]
[WhiteElo "2457"]
[BlackElo "2737"]
[PlyCount "96"]
[EventDate "2023.02.14"]
[EventType "team (rapid)"]
[EventRounds "5"]
[EventCountry "NET"]
[Source "Mark Crowther"]
[SourceDate "2023.03.20"]
[WhiteTeam "Canada ChessBrahs"]
[BlackTeam "Blitz"]

1. e4 c5 2. Nf3 d6 3. Bb5+ Bd7 4. Bxd7+ Qxd7 5. c4 e5 6. Nc3 Be7 7. d3 Nc6 8.
O-O f5 9. exf5 Qxf5 10. Nd5 Rc8 11. Rb1 Nf6 12. Nxe7 Kxe7 13. Qe2 Rhe8 14. Be3
Kf7 15. Rfe1 b6 16. a3 a5 17. Rbd1 h6 18. h3 Rcd8 19. Nh4 Qh5 20. Qxh5+ Nxh5
21. Nf3 Nf6 22. Nd2 a4 23. Nb1 d5 24. cxd5 Nxd5 25. Nc3 Nxc3 26. bxc3 Rd6 27.
Kf1 Red8 28. Ke2 Na5 29. f4 exf4 30. Bxf4 Re6+ 31. Be3 Kg6 32. Rf1 Nc6 33. Rf3
Ne7 34. Kd2 c4 35. Bd4 Nf5 36. Bf2 b5 37. g4 Nd6 38. Bd4 cxd3 39. Kxd3 Nc4 40.
Kc2 Nxa3+ 41. Kc1 Re2 42. Rd2 Re1+ 43. Rd1 Rxd1+ 44. Kxd1 b4 45. Kc1 b3 46. Rf5
Rb8 47. c4 Nxc4 48. Kb1 b2 0-1

[Event "PRO League Prelim"]
[Site "chess.com INT"]
[Date "2023.03.17"]
[Round "5.2"]
[White "Grischuk, A."]
[Black "Rodrigue-Lemieux, Shawn"]
[Result "1-0"]
[WhiteElo "2745"]
[BlackElo "2457"]
[PlyCount "63"]
[EventDate "2023.02.14"]
[EventType "team (rapid)"]
[EventRounds "5"]
[EventCountry "NET"]
[Source "Mark Crowther"]
[SourceDate "2023.03.20"]
[WhiteTeam "Blitz"]
[BlackTeam "Canada ChessBrahs"]

1. Nf3 d5 2. g3 Nf6 3. Bg2 e6 4. O-O Be7 5. c4 O-O 6. d3 c5 7. cxd5 Nxd5 8. d4
Nc6 9. dxc5 Bxc5 10. a3 a5 11. Qc2 Qe7 12. Rd1 h6 13. Nc3 Nxc3 14. Qxc3 e5 15.
Be3 Bxe3 16. Qxe3 Bf5 17. Nh4 Bh7 18. Rd5 Rfd8 19. Rad1 g5 20. Nf3 e4 21. Ne1
Rxd5 22. Rxd5 Re8 23. Nc2 Qe6 24. Qd2 Bg6 25. Ne3 a4 26. Rd6 Qe5 27. Ng4 e3 28.
fxe3 Qe7 29. Nf6+ Kg7 30. Nxe8+ Qxe8 31. Bxc6 bxc6 32. Qd4+ 1-0

[Event "PRO League Prelim"]
[Site "chess.com INT"]
[Date "2023.03.17"]
[Round "5.3"]
[White "Rodrigue-Lemieux, Shawn"]
[Black "Boyer, Mahel"]
[Result "0-1"]
[WhiteElo "2457"]
[BlackElo "2453"]
[PlyCount "140"]
[EventDate "2023.02.14"]
[EventType "team (rapid)"]
[EventRounds "5"]
[EventCountry "NET"]
[Source "Mark Crowther"]
[SourceDate "2023.03.20"]
[WhiteTeam "Canada ChessBrahs"]
[BlackTeam "Blitz"]

1. e4 e6 2. d4 d5 3. Nd2 c5 4. exd5 exd5 5. Bb5+ Nc6 6. Ngf3 Qe7+ 7. Be2 Qc7 8.
O-O Nf6 9. Re1 Be6 10. dxc5 Bxc5 11. Nb3 Bb6 12. Bb5 O-O 13. Be3 Bg4 14. h3 Bh5
15. Bxb6 Qxb6 16. Be2 Rfe8 17. c3 a5 18. Nfd4 Bxe2 19. Rxe2 Rxe2 20. Qxe2 a4
21. Nxc6 bxc6 22. Nd4 c5 23. Nf5 Re8 24. Qc2 g6 25. Ng3 h5 26. Rd1 Qb5 27. b3
h4 28. bxa4 Qc4 29. Nf1 Re2 30. Rd2 Re1 31. Qd3 Qf4 32. a5 Ne4 33. Re2 c4 34.
Qe3 Qxe3 35. Rxe3 Ra1 36. Re2 Nxc3 37. Rd2 Rb1 38. a6 Rb6 39. Ne3 Rxa6 40. Nxd5
Nxd5 41. Rxd5 Rxa2 42. Rc5 Rc2 43. Kh2 Kg7 44. Rc6 Kf8 45. f4 Rc1 46. Rc7 c3
47. g4 Rc2+ 48. Kg1 Ke8 49. f5 Kd8 50. Rc4 gxf5 51. gxf5 Ke7 52. Kf1 Kf6 53.
Ke1 Kg5 54. Rg4+ Kxf5 55. Rxh4 Rh2 56. Kd1 Ke5 57. Rc4 Rxh3 58. Kc2 Kd5 59. Rf4
Ke6 60. Rf1 f5 61. Re1+ Kf6 62. Rf1 Re3 63. Rh1 f4 64. Rh8 Kf5 65. Rc8 f3 66.
Rc7 Kg4 67. Rg7+ Kh3 68. Kd1 f2 69. Rh7+ Kg2 70. Rg7+ Rg3 0-1

[Event "PRO League Prelim"]
[Site "chess.com INT"]
[Date "2023.03.17"]
[Round "5.4"]
[White "Lagno, Kateryna"]
[Black "Rodrigue-Lemieux, Shawn"]
[Result "0-1"]
[WhiteElo "2560"]
[BlackElo "2457"]
[PlyCount "94"]
[EventDate "2023.02.14"]
[EventType "team (rapid)"]
[EventRounds "5"]
[EventCountry "NET"]
[Source "Mark Crowther"]
[SourceDate "2023.03.20"]
[WhiteTeam "Blitz"]
[BlackTeam "Canada ChessBrahs"]

1. e4 c6 2. d4 d5 3. e5 Bf5 4. Nd2 e6 5. Nb3 a6 6. Nf3 c5 7. c3 c4 8. Nbd2 Nc6
9. Be2 b5 10. Nf1 h6 11. Ng3 Bh7 12. O-O Nge7 13. Ne1 Nf5 14. Nh5 Qb6 15. g4
Nh4 16. Be3 Bg6 17. Ng3 f6 18. Ng2 Nxg2 19. Kxg2 fxe5 20. dxe5 Bc5 21. Bxc5
Qxc5 22. f4 O-O-O 23. f5 Bf7 24. a4 b4 25. cxb4 Qxb4 26. b3 c3 27. Bxa6+ Kb8
28. Qe2 Rhe8 29. Bb5 Nd4 30. Rf4 g5 31. fxg6 Bxg6 32. Qf2 Be4+ 33. Nxe4 dxe4
34. Bxe8 Qb7 35. Kg3 c2 36. Re1 Qxb3+ 37. Kg2 Nf3 38. Rexe4 Nh4+ 39. Qxh4 Rd2+
40. Rf2 c1=Q 41. Bb5 Qbd1 42. Kh3 Qc3+ 43. Kg2 Qca1 44. Kh3 Qc3+ 45. Kg2 Qcc1
46. Kh3 Rd3+ 47. Kg2 Qg1# 0-1

[Event "Carnaval"]
[Site "Quebec CAN"]
[Date "2023.02.10"]
[Round "1"]
[White "Berube, Antoine"]
[Black "Rodrigue-Lemieux, Shawn"]
[Result "0-1"]
[WhiteElo "2166"]
[BlackElo "2510"]
[PlyCount "80"]
[EventDate "2023.02.10"]
[EventType "swiss"]
[EventRounds "5"]
[EventCountry "CAN"]

1. d4 Nf6 2. c4 e6 3. Nf3 d5 4. g3 Be7 5. Bg2 O-O 6. O-O dxc4 7. Qc2 a6 8. a4
Bd7 9. Qxc4 Bc6 10. Bf4 Bd6 11. Qc1 a5 12. Nc3 Na6 13. Rd1 Nb4 14. Bg5 h6 15.
Bh4 Bxf3 16. Bxf6 Qxf6 17. Bxf3 c6 18. Kg2 Rad8 19. Ne4 Qe7 20. Qc4 Nd5 21.
Rac1 Bb4 22. e3 e5 23. dxe5 Qxe5 24. Nc5 Nb6 25. Qc2 Rxd1 26. Bxd1 Bxc5 27.
Qxc5 Qxb2 28. Bc2 Qb4 29. Qe5 Nd5 30. Rb1 Qc5 31. Bd3 b6 32. h4 Rd8 33. Rd1 Kf8
34. Be2 Re8 35. Qd4 Qxd4 36. Rxd4 Ke7 37. Bc4 Rd8 38. Bxd5 Rxd5 39. Re4+ Kd7
40. Kf3 b5 0-1

[Event "Carnaval"]
[Site "Quebec CAN"]
[Date "2023.02.11"]
[Round "2"]
[White "Rodrigue-Lemieux, Shawn"]
[Black "Latorre, Vincent"]
[Result "1-0"]
[WhiteElo "2510"]
[BlackElo "2196"]
[PlyCount "89"]
[EventDate "2023.02.10"]
[EventType "swiss"]
[EventRounds "5"]
[EventCountry "CAN"]

1. d4 Nf6 2. c4 e6 3. Nc3 Bb4 4. e3 O-O 5. Bd3 c5 6. Nge2 cxd4 7. exd4 d5 8.
cxd5 Nxd5 9. O-O Nf6 10. Bg5 Be7 11. Rc1 Nbd7 12. Bb1 b6 13. Qd3 Bb7 14. Rfe1
Re8 15. Bc2 a6 16. Rcd1 Nf8 17. Bb3 Nd5 18. Bxd5 Bxd5 19. Bxe7 Rxe7 20. Nxd5
Qxd5 21. Nc3 Qd6 22. d5 exd5 23. Rxe7 Qxe7 24. Nxd5 Qd6 25. h4 b5 26. Qe4 Ra7
27. Re1 Qe6 28. Qb4 Qxd5 29. Re8 h6 30. Qxf8+ Kh7 31. Qg8+ Kg6 32. Re3 Qd1+ 33.
Kh2 f6 34. Rg3+ Kf5 35. Rf3+ Kg6 36. Qe8+ Kh7 37. Qe4+ f5 38. Rxf5 g6 39. Rd5
Qc1 40. Rd6 Rg7 41. h5 Qg5 42. hxg6+ Kh8 43. f4 Qh5+ 44. Kg3 Rg8 45. Qd4+ 1-0

[Event "Carnaval"]
[Site "Quebec CAN"]
[Date "2023.02.12"]
[Round "5"]
[White "Rodrigue-Lemieux, Shawn"]
[Black "Nicula, Marius"]
[Result "1-0"]
[WhiteElo "2510"]
[BlackElo "2218"]
[PlyCount "101"]
[EventDate "2023.02.10"]
[EventType "swiss"]
[EventRounds "5"]
[EventCountry "CAN"]

1. e4 e6 2. d4 d5 3. Nd2 Nf6 4. e5 Nfd7 5. f4 c5 6. c3 Nc6 7. Ndf3 Qb6 8. g3
cxd4 9. cxd4 Bb4+ 10. Kf2 f6 11. Kg2 Be7 12. Bd3 f5 13. Ne2 Qd8 14. h3 Nb6 15.
g4 Bd7 16. gxf5 exf5 17. Ng3 g6 18. a3 Be6 19. h4 h5 20. b3 Qd7 21. Bd2 a6 22.
Ne2 Kf7 23. Rg1 Rac8 24. Kh2 Qd8 25. Ng5+ Bxg5 26. fxg5 Kg7 27. Nf4 Qe8 28. Be3
Na8 29. Qd2 Qd7 30. Be2 Nc7 31. Rgc1 Bf7 32. Rc5 Ne7 33. e6 Nxe6 34. Nxe6+ Bxe6
35. b4 Rhe8 36. a4 b6 37. Rxc8 Qxc8 38. Bf4 Qb7 39. Bd3 Nc6 40. Rc1 Kf7 41. b5
axb5 42. axb5 Ne7 43. Rc7 Qa8 44. Bd6 Qa1 45. Qe3 Qb2+ 46. Kg1 Qa1+ 47. Bf1 Qd1
48. Qe5 Qg4+ 49. Bg2 f4 50. Qf6+ Kg8 51. Be5 1-0

[Event "CAN-ch Univeristies Reserves"]
[Site "Ottawa CAN"]
[Date "2023.01.29"]
[Round "5"]
[White "Rodrigue-Lemieux, Shawn"]
[Black "Mullur, Neerav"]
[Result "1-0"]
[WhiteElo "2520"]
[BlackElo "1719"]
[PlyCount "83"]
[EventDate "2023.01.27"]
[EventType "swiss"]
[EventRounds "5"]
[EventCountry "CAN"]

1. d4 d5 2. c4 e6 3. Nf3 c5 4. cxd5 exd5 5. Nc3 Nf6 6. g3 Nc6 7. Bg2 Be7 8. O-O
O-O 9. dxc5 Bxc5 10. Na4 Be7 11. Be3 Ne4 12. Rc1 Be6 13. Nd4 Nxd4 14. Bxd4 b6
15. Nc3 Bf5 16. Qb3 Nd2 17. Qxd5 Nxf1 18. Qxf5 Qxd4 19. Bxa8 Nxg3 20. hxg3 Rxa8
21. Rd1 Qc5 22. Rd5 Qc8 23. Rd7 Bf6 24. Rxa7 Qe8 25. Qb5 Rb8 26. Rb7 h6 27.
Rxb6 Qxb5 28. Rxb5 Rxb5 29. Nxb5 Bxb2 30. a4 Bf6 31. a5 Bd8 32. a6 Bb6 33. a7
Bxa7 34. Nxa7 Kh7 35. Kg2 Kg6 36. Kf3 Kf5 37. e4+ Ke5 38. Ke3 g5 39. f4+ gxf4+
40. gxf4+ Ke6 41. Nc6 f6 42. Kf3 1-0

[Event "RA Winter op"]
[Site "Ottawa CAN"]
[Date "2023.01.20"]
[Round "1.1"]
[White "Rodrigue-Lemieux, Shawn"]
[Black "Azar, Sebastien"]
[Result "1-0"]
[WhiteElo "2528"]
[BlackElo "2077"]
[PlyCount "67"]
[EventDate "2023.01.20"]
[EventType "swiss"]
[EventRounds "5"]
[EventCountry "CAN"]

1. a3 d5 2. Nf3 Nf6 3. d4 Bf5 4. c4 c6 5. e3 e6 6. Nc3 Nbd7 7. Nh4 Bg4 8. Qb3
Qb8 9. h3 Bh5 10. g4 Bg6 11. Bg2 Be7 12. cxd5 Nxd5 13. Nxg6 hxg6 14. e4 Nf4 15.
Bxf4 Qxf4 16. Qxb7 Rb8 17. Qxc6 Rxb2 18. O-O Bh4 19. Nd1 Rd2 20. Qc8+ Bd8 21.
Qc3 Bc7 22. Re1 Ke7 23. Re3 Qh2+ 24. Kf1 Rxd1+ 25. Rxd1 Bf4 26. Rf3 Rb8 27. e5
Bg5 28. Qc2 Rb6 29. Rb1 Nxe5 30. Rxb6 Nxf3 31. Rb7+ Kf6 32. Bxf3 Qxh3+ 33. Ke2
Qh8 34. Qc7 1-0

[Event "RA Winter op"]
[Site "Ottawa CAN"]
[Date "2023.01.21"]
[Round "2.1"]
[White "Gordon, David"]
[Black "Rodrigue-Lemieux, Shawn"]
[Result "0-1"]
[WhiteElo "2221"]
[BlackElo "2528"]
[PlyCount "72"]
[EventDate "2023.01.20"]
[EventType "swiss"]
[EventRounds "5"]
[EventCountry "CAN"]

1. c4 e6 2. g3 d5 3. Bg2 Nf6 4. Nf3 Be7 5. O-O O-O 6. b3 b6 7. d4 Bb7 8. Nbd2
a5 9. Bb2 a4 10. bxa4 Qd7 11. cxd5 exd5 12. Qc2 Bd6 13. e4 Nxe4 14. Nxe4 dxe4
15. Ne5 Qxa4 16. Bxe4 Bxe4 17. Qxe4 Nd7 18. Ng4 Rfe8 19. Qd3 Qa6 20. Qf5 Nf8
21. d5 Qe2 22. Bxg7 Ra4 23. f4 Bc5+ 24. Kh1 h5 25. Nh6+ Kxg7 26. Qg5+ Kh7 27.
Rae1 Qxe1 28. Rxe1 Rxe1+ 29. Kg2 Rxa2+ 30. Kh3 Ree2 31. Qg8+ Kxh6 32. Qg5+ Kh7
33. Qxh5+ Kg7 34. Kg4 Nh7 35. Kf5 Rxh2 36. Qg4+ Kh6 0-1

[Event "RA Winter op"]
[Site "Ottawa CAN"]
[Date "2023.01.21"]
[Round "3.1"]
[White "Rodrigue-Lemieux, Shawn"]
[Black "Migot, Tangi"]
[Result "0-1"]
[WhiteElo "2528"]
[BlackElo "2447"]
[PlyCount "46"]
[EventDate "2023.01.20"]
[EventType "swiss"]
[EventRounds "5"]
[EventCountry "CAN"]

1. e4 c5 2. Nf3 e6 3. d4 cxd4 4. Nxd4 Nc6 5. Bf4 d6 6. Nxc6 bxc6 7. c4 Rb8 8.
Qc2 Ne7 9. Nc3 c5 10. O-O-O Nc6 11. e5 g5 12. Bg3 h5 13. exd6 Bd7 14. h4 g4 15.
Qe4 Bg7 16. Rd2 Qa5 17. Rc2 O-O 18. Bd3 f5 19. Qe3 e5 20. Nd5 f4 21. Bxf4 exf4
22. Ne7+ Nxe7 23. Qxe7 Rbe8 0-1

[Event "RA Winter op"]
[Site "Ottawa CAN"]
[Date "2023.01.22"]
[Round "4.3"]
[White "Doolabi, Dylan"]
[Black "Rodrigue-Lemieux, Shawn"]
[Result "0-1"]
[WhiteElo "2121"]
[BlackElo "2253"]
[PlyCount "46"]
[EventDate "2023.01.20"]
[EventType "swiss"]
[EventRounds "5"]
[EventCountry "CAN"]

1. e4 c6 2. d4 d5 3. e5 Bf5 4. Nf3 e6 5. Be2 Ne7 6. a4 c5 7. dxc5 Nec6 8. O-O
Bxc5 9. Re1 Nd7 10. Bd3 Bxd3 11. Qxd3 Qc7 12. Nc3 a6 13. Bf4 h6 14. Nxd5 exd5
15. e6 Qxf4 16. exd7+ Kxd7 17. Qxd5+ Bd6 18. Re4 Qf6 19. Rd1 Kc7 20. Rc4 Rhd8
21. Rxc6+ bxc6 22. Qa5+ Kd7 23. Ne5+ Ke8 0-1

[Event "RA Winter op"]
[Site "Ottawa CAN"]
[Date "2023.01.22"]
[Round "5.2"]
[White "Rodrigue-Lemieux, Shawn"]
[Black "Cortes Orihuela, Javier"]
[Result "1-0"]
[WhiteElo "2528"]
[BlackElo "2278"]
[PlyCount "77"]
[EventDate "2023.01.20"]
[EventType "swiss"]
[EventRounds "5"]
[EventCountry "CAN"]

1. c4 e5 2. Nc3 Nf6 3. Nf3 Nc6 4. d3 d5 5. cxd5 Nxd5 6. e4 Nb6 7. Be3 Be7 8.
Be2 O-O 9. a4 a5 10. O-O Kh8 11. d4 exd4 12. Nxd4 Ne5 13. b3 c6 14. f4 Ned7 15.
Qc2 Bc5 16. Rad1 Qe7 17. Kh1 Nf6 18. e5 Nfd5 19. Bg1 Nxc3 20. Qxc3 Nd5 21. Qg3
f6 22. Bd3 f5 23. Bc4 Bxd4 24. Bxd4 Be6 25. Qf2 Rg8 26. Bc5 Qf7 27. Rd3 g5 28.
Bxd5 cxd5 29. Bd4 Rg6 30. Rg3 Rag8 31. fxg5 Rxg5 32. Rxg5 Rxg5 33. h3 h6 34.
Rc1 f4 35. Qh4 Kh7 36. Rf1 Rh5 37. Qf6 Qg8 38. Qe7+ Kh8 39. Rxf4 1-0

[Event "New York Winter IM-B"]
[Site "New York USA"]
[Date "2023.01.12"]
[Round "1"]
[White "Andersen, Gunnar"]
[Black "Rodrigue-Lemieux, Shawn"]
[Result "1/2-1/2"]
[WhiteElo "2220"]
[BlackElo "2455"]
[PlyCount "60"]
[EventDate "2023.01.12"]
[EventType "tourn"]
[EventRounds "9"]
[EventCountry "USA"]
[Source "ChessMix"]
[SourceDate "2023.01.20"]

1. e4 c6 2. Nc3 d5 3. d4 dxe4 4. Nxe4 Nf6 5. Nxf6+ exf6 6. c3 Bf5 7. Ne2 Bd6 8.
Ng3 Be6 9. Bd3 O-O 10. O-O g6 11. Re1 Nd7 12. a4 Re8 13. Ne4 Be7 14. h4 h5 15.
a5 c5 16. Bb5 cxd4 17. Qxd4 a6 18. Ba4 Qc7 19. Bh6 Kh7 20. Ng5+ Kxh6 21. Nxe6
fxe6 22. Qxd7 Qxd7 23. Bxd7 Red8 24. Bxe6 Rd2 25. b4 f5 26. g3 Bf6 27. Re3 Re8
28. Ra2 Rxa2 29. Bxa2 Rxe3 30. fxe3 Bxc3 1/2-1/2

[Event "New York Winter IM-B"]
[Site "New York USA"]
[Date "2023.01.13"]
[Round "2"]
[White "Yanayt, Eugene"]
[Black "Rodrigue-Lemieux, Shawn"]
[Result "0-1"]
[WhiteElo "1958"]
[BlackElo "2455"]
[PlyCount "86"]
[EventDate "2023.01.12"]
[EventType "tourn"]
[EventRounds "9"]
[EventCountry "USA"]
[Source "ChessMix"]
[SourceDate "2023.01.20"]

1. d4 Nf6 2. c4 e6 3. Nf3 d5 4. g3 Be7 5. Bg2 O-O 6. O-O dxc4 7. Qc2 a6 8. Qxc4
b5 9. Qc2 Bb7 10. Bg5 Nbd7 11. Bxf6 Nxf6 12. Nbd2 Rc8 13. Nb3 Be4 14. Qc3 Nd7
15. Rfd1 c6 16. Rac1 Qc7 17. Bh3 Rfd8 18. Nfd2 Bg6 19. Bg2 c5 20. Nxc5 Nxc5 21.
b4 a5 22. bxc5 e5 23. e3 exd4 24. exd4 Bf6 25. Ne4 Bxe4 26. Bxe4 Qd7 27. Qf3
Bxd4 28. Bf5 Qc6 29. Qg4 h5 30. Qxh5 g6 31. Qg4 Bxf2+ 32. Kxf2 Rxd1 33. Qxd1
gxf5 34. Qd2 Qf6 35. Rc2 b4 36. Rc4 Rd8 37. Qc2 Qh6 38. Qxf5 Qxh2+ 39. Kf3 Qh1+
40. Kg4 Rd5 41. Qc8+ Kg7 42. Rc2 Qe4+ 43. Kh3 Rh5# 0-1

[Event "New York Winter IM-B"]
[Site "New York USA"]
[Date "2023.01.13"]
[Round "3"]
[White "Rodrigue-Lemieux, Shawn"]
[Black "Troltenier, Dirk"]
[Result "1-0"]
[WhiteElo "2455"]
[BlackElo "2234"]
[PlyCount "55"]
[EventDate "2023.01.12"]
[EventType "tourn"]
[EventRounds "9"]
[EventCountry "USA"]
[Source "ChessMix"]
[SourceDate "2023.01.20"]

1. e4 e5 2. Nf3 d6 3. d4 exd4 4. Nxd4 Nf6 5. Nc3 Be7 6. Bf4 O-O 7. Qd2 Nc6 8.
O-O-O a6 9. Nxc6 bxc6 10. e5 Ne8 11. Bc4 d5 12. Bb3 Be6 13. Na4 f6 14. Qc3 Qd7
15. Nc5 Bxc5 16. Qxc5 a5 17. Ba4 Ra6 18. Rhe1 fxe5 19. Bxe5 Nd6 20. f3 Rb8 21.
b3 Nb7 22. Qc3 Re8 23. h4 Nd6 24. h5 h6 25. g4 Nb5 26. Qd3 Rd8 27. Bxg7 Qxg7
28. Rxe6 1-0

[Event "New York Winter IM-B"]
[Site "New York USA"]
[Date "2023.01.14"]
[Round "4"]
[White "Yu, Jiangwei"]
[Black "Rodrigue-Lemieux, Shawn"]
[Result "1/2-1/2"]
[WhiteElo "2154"]
[BlackElo "2455"]
[PlyCount "76"]
[EventDate "2023.01.12"]
[EventType "tourn"]
[EventRounds "9"]
[EventCountry "USA"]
[Source "ChessMix"]
[SourceDate "2023.01.20"]

1. c4 e6 2. Nc3 d5 3. d4 Bb4 4. cxd5 exd5 5. Bf4 Nf6 6. e3 O-O 7. Bd3 c5 8.
dxc5 Nc6 9. Bd6 Re8 10. a3 Bxc3+ 11. bxc3 Ne4 12. Ne2 Nxd6 13. cxd6 Qxd6 14.
O-O Bg4 15. Bb5 Rac8 16. h3 Bxe2 17. Qxe2 a6 18. Bxc6 Rxc6 19. Qd3 Rc5 20. Rfb1
Qc6 21. Qd4 Rc8 22. a4 Rxc3 23. Rb6 Rc1+ 24. Rxc1 Qxc1+ 25. Kh2 Qc7+ 26. g3 h6
27. a5 Qd7 28. Qe5 Re8 29. Rxb7 Qxh3+ 30. Kxh3 Rxe5 31. Ra7 d4 32. exd4 Rxa5
33. d5 g5 34. d6 Kg7 35. Kg4 Kf6 36. d7 Ke7 37. d8=Q+ Kxd8 38. Rxf7 Rb5 1/2-1/2

[Event "New York Winter IM-B"]
[Site "New York USA"]
[Date "2023.01.14"]
[Round "5"]
[White "Rodrigue-Lemieux, Shawn"]
[Black "Xu, Grant"]
[Result "1-0"]
[WhiteElo "2455"]
[BlackElo "2205"]
[PlyCount "63"]
[EventDate "2023.01.12"]
[EventType "tourn"]
[EventRounds "9"]
[EventCountry "USA"]
[Source "ChessMix"]
[SourceDate "2023.01.20"]

1. e4 e6 2. d4 d5 3. Nd2 Nf6 4. e5 Nfd7 5. f4 c5 6. c3 Nc6 7. Ndf3 Qb6 8. g3
cxd4 9. cxd4 Be7 10. h4 f6 11. Bd3 O-O 12. a3 fxe5 13. fxe5 Ndxe5 14. dxe5 Nxe5
15. Bxh7+ Kh8 16. Bc2 Nxf3+ 17. Nxf3 e5 18. Nd4 Rf6 19. Qh5+ Kg8 20. Qh7+ Kf7
21. Nf3 e4 22. Ne5+ Ke6 23. Qg8+ Kxe5 24. Bf4+ Rxf4 25. gxf4+ Kf6 26. O-O-O Qe6
27. Qh8 b5 28. Rhg1 Qf7 29. h5 Bb7 30. Qh7 Bf8 31. Rg5 Ke7 32. Rf5 1-0

[Event "New York Winter IM-B"]
[Site "New York USA"]
[Date "2023.01.15"]
[Round "6"]
[White "Martin Del Campo Cardenas, Roberto Abel"]
[Black "Rodrigue-Lemieux, Shawn"]
[Result "1/2-1/2"]
[WhiteElo "2235"]
[BlackElo "2455"]
[PlyCount "121"]
[EventDate "2023.01.12"]
[EventType "tourn"]
[EventRounds "9"]
[EventCountry "USA"]
[Source "ChessMix"]
[SourceDate "2023.01.20"]

1. e4 c6 2. d4 d5 3. Nd2 dxe4 4. Nxe4 Nf6 5. Nxf6+ exf6 6. Bc4 Na6 7. c3 Nc7 8.
Ne2 Bd6 9. Bf4 Be6 10. Bxe6 Nxe6 11. Bxd6 Qxd6 12. O-O h5 13. Qd3 h4 14. h3 g6
15. Rad1 Rh5 16. Qf3 Ng5 17. Qf4 O-O-O 18. Qxd6 Rxd6 19. Nf4 Rh8 20. Rfe1 Ne6
21. Nxe6 Rxe6 22. f3 Rh5 23. Re4 Kd7 24. Kf2 a5 25. Rd2 Kd6 26. Rde2 b5 27. Ke3
Rg5 28. Kf2 Rh5 29. Ke3 f5 30. Rxe6+ fxe6 31. f4 Rh8 32. Kf3 Rc8 33. Re5 c5 34.
dxc5+ Rxc5 35. Rxc5 Kxc5 36. b3 Kd6 37. g3 hxg3 38. Kxg3 e5 39. h4 a4 40. Kf3
e4+ 41. Ke2 Kd5 42. Kd2 Kc5 43. Ke3 Kc6 44. Kd4 Kd6 45. Ke3 Kd5 46. Kd2 Kd6 47.
Ke3 Kc5 48. Kd2 Kc6 49. Ke3 Kd5 50. Kd2 Kc5 51. Ke3 a3 52. Kd2 b4 53. c4 Kd4
54. Ke2 Kc3 55. c5 Kb2 56. c6 Kxa2 57. c7 Kb2 58. c8=Q a2 59. Qc5 a1=Q 60. Qd4+
Kb1 61. Qg1+ 1/2-1/2

[Event "New York Winter IM-B"]
[Site "New York USA"]
[Date "2023.01.15"]
[Round "7"]
[White "Rodrigue-Lemieux, Shawn"]
[Black "Lee, Alice"]
[Result "1-0"]
[WhiteElo "2455"]
[BlackElo "2300"]
[PlyCount "93"]
[EventDate "2023.01.12"]
[EventType "tourn"]
[EventRounds "9"]
[EventCountry "USA"]
[Source "ChessMix"]
[SourceDate "2023.01.20"]

1. c4 c6 2. Nf3 d5 3. g3 Nf6 4. Bg2 dxc4 5. O-O Nbd7 6. Na3 Nb6 7. Qc2 Be6 8.
Ne5 h5 9. h4 g6 10. Naxc4 Nxc4 11. Nxc4 Bg7 12. d3 O-O 13. Bd2 Rc8 14. b4 Ne8
15. Bc3 Nd6 16. Bxg7 Kxg7 17. Na5 Qd7 18. Rfc1 Rfd8 19. a4 Bh3 20. Bh1 Nf5 21.
Kh2 Nh6 22. Qc3+ Kg8 23. Nxb7 Qxb7 24. Kxh3 Ng4 25. Qc5 Qd7 26. Kg2 Qe6 27. Kf1
Qf6 28. Kg1 Rd4 29. Bf3 Ne5 30. Be4 Ng4 31. Rf1 e5 32. Kg2 g5 33. hxg5 Qxg5 34.
Rh1 f5 35. Bxc6 Rcd8 36. Rh3 f4 37. Bf3 fxg3 38. Rxg3 h4 39. Rxg4 Rxg4+ 40.
Bxg4 Qxg4+ 41. Kh2 Qf4+ 42. Kh1 Kh8 43. Rg1 Qf5 44. Qe3 Rd6 45. Rg5 Qf6 46.
Qxe5 Qxe5 47. Rxe5 1-0

[Event "New York Winter IM-B"]
[Site "New York USA"]
[Date "2023.01.16"]
[Round "8"]
[White "Liu, Eric"]
[Black "Rodrigue-Lemieux, Shawn"]
[Result "0-1"]
[WhiteElo "2214"]
[BlackElo "2455"]
[PlyCount "130"]
[EventDate "2023.01.12"]
[EventType "tourn"]
[EventRounds "9"]
[EventCountry "USA"]
[Source "ChessMix"]
[SourceDate "2023.01.20"]

1. e4 e5 2. Nf3 Nc6 3. Bc4 Nf6 4. d3 h6 5. O-O d6 6. a4 g5 7. Re1 Bg7 8. a5 a6
9. c3 O-O 10. Nfd2 Ne7 11. Nf1 c6 12. Bb3 Ng6 13. Ne3 Re8 14. Nc4 Bg4 15. f3
Be6 16. Nb6 Bxb3 17. Qxb3 Rb8 18. c4 Nf4 19. g3 Ne6 20. Be3 h5 21. Nc3 Bh6 22.
Qd1 Kh7 23. Qd2 Rg8 24. Rf1 Qf8 25. Ra2 Rd8 26. h3 Ne8 27. g4 Nf4 28. Bxf4 gxf4
29. Kh1 Qe7 30. Qe1 Nc7 31. b4 Bg5 32. Qb1 Bh4 33. Kg2 Ne6 34. Rh1 Qg5 35. Kf1
Nd4 36. Qd1 Rg6 37. b5 Rdg8 38. bxa6 bxa6 39. c5 dxc5 40. Nc4 Rb8 41. Nb6 Bg3
42. Nd7 Rbg8 43. Ne2 Rd6 44. Nxd4 Rxd4 45. Nxc5 Qe7 46. Qc2 Rb8 47. Nxa6 Rb5
48. Kg2 Qa7 49. Qxc6 Ra4 50. Rha1 Rbxa5 51. Qc2 Rxa2 52. Rxa2 Rxa6 53. Rxa6
Qxa6 54. Qb3 Qa7 55. Qb2 Qe3 56. Qa2 Kg7 57. Qb2 Qd4 58. Qd2 hxg4 59. hxg4 Qb6
60. Qe2 Qh6 61. Kg1 Qh3 62. Qb2 Bh4 63. Qxe5+ Bf6 64. Qc5 Qg3+ 65. Kf1 Qxf3+
0-1

[Event "New York Winter IM-B"]
[Site "New York USA"]
[Date "2023.01.16"]
[Round "9"]
[White "Rodrigue-Lemieux, Shawn"]
[Black "Griffith, Kyron"]
[Result "1-0"]
[WhiteElo "2455"]
[BlackElo "2363"]
[PlyCount "149"]
[EventDate "2023.01.12"]
[EventType "tourn"]
[EventRounds "9"]
[EventCountry "USA"]
[Source "ChessMix"]
[SourceDate "2023.01.20"]

1. e4 c5 2. Nf3 d6 3. Bb5+ Bd7 4. Bxd7+ Qxd7 5. c4 Nf6 6. Nc3 g6 7. d4 cxd4 8.
Nxd4 Bg7 9. h3 O-O 10. Be3 Rc8 11. b3 a6 12. a4 Nc6 13. O-O Qd8 14. Re1 Rab8
15. Rc1 e6 16. Re2 Qa5 17. Rd2 Qb4 18. Nde2 Na5 19. Rb1 Ne8 20. Na2 Qa3 21. Bb6
Nc6 22. Nec1 Ne5 23. a5 Nd7 24. b4 Ne5 25. c5 dxc5 26. bxc5 Bh6 27. Rb3 Qa4 28.
Rd4 Qc6 29. Nb4 Bxc1 30. Nxc6 Nxc6 31. Rd2 Bxd2 32. Qxd2 Nc7 33. Rd3 Nb5 34.
Qg5 e5 35. Rd7 Rf8 36. h4 h5 37. f3 Nbd4 38. Rd6 Rbe8 39. Kf2 Ne6 40. Qf6 Nf4
41. Rxc6 bxc6 42. Qxc6 f5 43. Bc7 fxe4 44. Qxe4 Rf5 45. c6 Kh7 46. Bb6 Ne6 47.
c7 Rff8 48. Qc4 Ng7 49. Qxa6 e4 50. Qb7 exf3 51. gxf3 Rc8 52. a6 Nf5 53. a7 Kh6
54. Ba5 Nxh4 55. Bd2+ g5 56. Qc6+ Ng6 57. Qc5 Nf4 58. Qd6+ Ng6 59. Qc5 Nf4 60.
Qc6+ Ng6 61. Kg3 Rce8 62. Bb4 h4+ 63. Kf2 Rg8 64. Bd6 Kh5 65. Qd7 Kh6 66. Qf7
Ra8 67. Bc5 Rae8 68. Bd4 Ra8 69. Bf6 h3 70. Qxg8 Rxg8 71. Bd8 Nf4 72. a8=Q h2
73. Bxg5+ Rxg5 74. Qh8+ Kg6 75. Qxh2 1-0

[Event "Mercredi 2023.01.11 ABCD"]
[Site "Montreal CAN"]
[Date "2023.01.11"]
[Round "1"]
[White "Rodrigue-Lemieux, Shawn"]
[Black "Latorre, Vincent"]
[Result "1-0"]
[WhiteElo "2510"]
[BlackElo "2196"]
[PlyCount "99"]
[EventDate "2023.01.11"]
[EventType "tourn"]
[EventRounds "5"]
[EventCountry "CAN"]

1. Nf3 Nf6 2. g3 d5 3. Bg2 c6 4. O-O Bf5 5. d3 h6 6. b3 e6 7. Bb2 Be7 8. Nbd2
O-O 9. Re1 Nbd7 10. e4 dxe4 11. dxe4 Bh7 12. Qe2 Qc7 13. e5 Nd5 14. Ne4 Bb4 15.
Rec1 Nc5 16. Nxc5 Bxc5 17. Nd2 Rfd8 18. Be4 Bxe4 19. Nxe4 Bf8 20. h4 c5 21. Qg4
b5 22. Nd6 h5 23. Qxh5 Bxd6 24. exd6 Qxd6 25. c4 bxc4 26. Rxc4 f6 27. Rac1 Rac8
28. Ba3 Qa6 29. Bxc5 Nb6 30. R4c2 Rd5 31. Qg4 Nd7 32. Bd4 Rxc2 33. Rxc2 Qd6 34.
Rc8+ Kf7 35. Rc4 g6 36. Bc3 f5 37. Qf3 e5 38. h5 Nf6 39. Bb4 Qd7 40. Rc5 Rd4
41. Ba5 Rd1+ 42. Kg2 e4 43. Qc3 Nd5 44. Qh8 Ne7 45. Qh7+ Ke6 46. Rc7 Qe8 47. h6
e3 48. Qg7 Nd5 49. h7 Nxc7 50. Qg8+ 1-0